Statistiques concernant Pays par Emojis de nourriture

Cliquez ici pour prendre le quiz!

Statistiques générales

  • Ce quiz a été pris 6 561 fois
  • Le résultat moyen est 10 sur 15

Statistiques - réponses

EmojisPays% Correct
France
100%
Italie
99%
Japon
98%
Etats-Unis
96%
Mexique
96%
Chine
92%
Allemagne
91%
Suisse
73%
Belgique
63%
Royaume-Uni
50%
Canada
49%
Nouvelle Zélande
39%
Brésil
36%
Inde
26%
Grèce
24%

Distribution des résultats

Percentile par nombre de réponses

% des personnes avec chaque résultat

Votre développement - résultats

Vous n’avez pas pris ce quiz